000 00467nam a2200181Ia 4500
008 230524s9999 xx 000 0 und d
020 _a8175980257
082 _a5.133
_bVAL
100 _aVan Valkenburgh
245 0 _aBasic Synchros & Servomechanism (Parts-1&2)
250 _a1ST
260 _aNEW DELHI
_bSterling Book House
_c2002
300 _a2.112
500 _aQuantity Number: 2
650 _aElectrical
700 _a" Nooger , Nevile,,,"
942 _cBK
999 _c4474
_d4474